The children's space atlas

Bibliographic Details
Main Author: Kerrod, Robin
Format: Book
Published: New South Wales : Reader's Digest , 1991
Subjects:

MARC

LEADER 00000cam a2200000 7i4500
001 0000001635
002 000001784
005 20000330.0
020 |a 0864382197 
090 0 0 |a J 523.11   |b KER 
100 1 |a Kerrod, Robin 
245 1 4 |a The children's space atlas   |c Robin Kerrod 
260 |a New South Wales :   |b Reader's Digest ,   |c 1991 
300 |a 95 p. ;   |c 32 cm. 
650 0 0 |a Outer space   |x Juvenile literature 
999 |a 034548   |b BUKU   |c JUNIOR REFERENCE   |e PERPUSTAKAAN KOMUNITI PETALING JAYA